| 000 | 01226nam a2200265Ia 4500 | ||
|---|---|---|---|
| 999 |
_c38019 _d38019 |
||
| 001 | 4004 | ||
| 003 | GE_BSU | ||
| 005 | 20190827143346.0 | ||
| 008 | 181216s1960||||ge |||||||||||||| ||geo|| | ||
| 040 | _cGE_BSU | ||
| 041 | _ageo | ||
| 080 | _a34(479.22) დ–71 | ||
| 100 |
_aდოლიძე, ი. _93777 |
||
| 245 |
_aსაქართველოს ჩვეულებითი სჯული / _cრედ. ი. აბულაძე ; საქ. სსრ მეცნ. აკადემია. |
||
| 264 |
_aთბ. : _bსაქ. სსრ მეცნ. აკად. გამ-ბა, _c1960. |
||
| 300 |
_a200 გვ. ; _b22 სმ. |
||
| 500 | _aდამატ. თაფურც. რუს. ენ. | ||
| 501 | _a დანართი:"ლექსიკონი", გვ.157;"დანართი", გვ.181-189. | ||
| 504 | _aბიბლიოგრ. შენიშვნებში. | ||
| 541 | _h2 ლ. | ||
| 653 | _aსაქართველოს ჩვეულებათა სჯული. | ||
| 700 |
_aაბულაძე, ი. _eრედაქტორი _93805 |
||
| 710 |
_aსაქ. სსრ მეცნ. აკადემია. _93806 |
||
| 942 |
_cBK _2udc |
||